Olympic Men's Basketball Top 4 Positions - Statistics

General Stats
  • This quiz has been taken 1,577 times
    681 since last reset
  • The average score is 13 of 20
Answer Stats
country % Correct
United States
100%
France
96%
Spain
94%
Canada
84%
Argentina
82%
Serbia
81%
Russia
79%
Soviet Union
78%
Brazil
75%
Italy
72%
Australia
70%
Yugoslavia
65%
Lithuania
58%
Croatia
54%
Mexico
54%
Slovenia
50%
Poland
35%
Cuba
24%
Puerto Rico
13%
Uruguay
13%
No matching quizzes found
Score Distribution
Percent of People with Each Score
Percentile by Number Answered
Your Score History
You have not taken this quiz since the last reset